000 00402nam a2200145Ia 4500
008 240729s9999 xx 000 0 und d
022 _a1735-7136
245 0 _aJournal of Research in Medical Sciences
260 _aIndia
260 _bWolters Kluwer Medknow Publications
650 _aMedicine
856 _uhttps://doaj.org/toc/afe4555e65d84eb6bfffaf04f98cf7db
942 _2ddc
942 _cDOAJEJ
999 _c71799
_d71799
945 _a1
_bMadushi Gamage
_c1
_dMadushi Gamage